Dans quel film trouve t-on ce personnage 3 ? (Films Français) - Statistiques

Statistiques générales
  • Ce quiz a été pris 104 fois
  • Le résultat moyen est 17 sur 30
Statistiques - réponses
Hint Extra Hint Réponse % Correct
Numérobis Jamel Debbouze Astérix et Obélix : Mission Cléopâtre
94%
Amélie Poulain Audrey Tautou Le Fabuleux Destin d'Amélie Poulain
90%
Driss Bassari Omar Sy Intouchables
86%
Vinz Vincent Cassel La Haine
85%
Juste Leblanc Francis Huster Le Dîner de Cons
78%
Jean-Claude Dusse Michel Blanc Les Bronzés
78%
Vincent Larchet Patrick Bruel Le Prénom
76%
Thérèse Anémone Le Père Noël est une Ordure
67%
Didier Didier Boudon Les Trois Frères
67%
George Valentin Jean Dujardin The Artist
66%
Guy-Hubert Bourdelle / Super-Résistant Martin Lamotte Papy fait de la Résistance
65%
Serge Karamazov Alain Chabat La Cité de la Peur
63%
Salomon Henri Guybet Les Aventures de Rabbi Jacob
58%
Fred JoeyStarr Polisse
57%
Xavier Rousseau Romain Duris L'Auberge Espagnole
56%
Antoine Maréchal Bourvil Le Corniaud
56%
Lambert Coluche Tchao Pantin
56%
Bernard Frédéric Benoît Poelvoorde Podium
54%
Quentin "de Montargis" Gérard Depardieu Tais-toi !
48%
Jo Cavalier Jean-Paul Belmondo L'As des As
47%
Jaques Mayol Jean-Marc Barr Le Grand Bleu
47%
Jambier Louis de Funès La Traversée de Paris
46%
Fernand Naudin Lino Ventura Les Tontons Flingueurs
46%
Jean-Jacques Granianski Christian Clavier L'Opération Corned-Beef
46%
Ginette Sarcley Marie-Anne Chazel Les Visiteurs
34%
Roch Siffredi Alain Delon Borsalino
32%
Mario Yves Montand Le Salaire de la Peur
28%
Nicole Horner Simone Signoret Les Diaboliques
27%
Albert Quentin Jean Gabin Un Singe en Hiver
27%
Yvon Rance Gérard Jugnot Meilleur Espoir Féminin
23%
Aucun quiz correspondant
Distribution des résultats
% des personnes avec chaque résultat
Percentile par nombre de réponses
Votre historique - résultats
Vous n’avez pas pris ce quiz